000 00733nam a2200205 i 4500
001 146463
003 ES-MaACL
005 20250930063126.0
007 t|
008 070910s1925 sp ||||1| spa d
080 _a528.7
100 1 _aTorroja y Miret, José María,
_d1884-1954
_9151755
245 1 3 _aLa estereofotogrametría en 1924
_b: conferencias pronunciadas los días 3, 5 y 10 de abril de 1924, en la Real Sociedad Geográfica /
_cpor José María Torroja y Miret.
260 _aMadrid :
_b[s.n.],
_c1925 (
_fVoluntad)
300 _a83 p., 56 h. de lám. ;
_c24 cm.
650 1 4 _aFotogrametría.
_912969
710 2 _aReal Sociedad Geográfica
_96403
852 _aES-MaACL
_jG-6288
999 _c146463
_d146463